Gnatología: principios y conceptos (Registro nro. 508)

Detalles MARC
000 -Cabecera
Campo de control de longitud fija 00685aam a2200265 4500
005 - Fecha y hora de la última transacción
Campo de control 20260309140347.0
008 - Elementos de longitud fija--Información general
Campo de control de longitud fija 150805b1992 xxu||||| |||| 00| 0 spa d
020 ## - International Standard Book Number
Número Internacional Estándar del Libro (ISBN) 986184149
041 ## - Idioma
Código de idioma Español
082 ## - Clasificación Decimal Dewey
Número de clasificación 617.6 S237g5
100 ## - Entrada principal--Autor personal
Nombre personal Santos, Jose Dos
9 (RLIN) 18134
245 ## - Título propiamente dicho
Título Gnatología: principios y conceptos
260 ## - Pie de imprenta
Lugar de publicación, distribución, etc. Venezuela
260 ## - Pie de imprenta
Nombre del editor, distribuidor, etc. AMOLCA
260 ## - Pie de imprenta
Fecha de publicación, distribución, etc. 1992
300 ## - Descripción física
Extensión 158 páginas
300 ## - Descripción física
Otras características físicas Ilustraciones a blanco y negro
490 ## - Serie
Título de la Serie Mecánica Dental
650 ## - Materia general
Temática (materia general) ODONTOLOGÍA
650 ## - Materia general
Temática (materia general) OCLUSIÓN
650 ## - Materia general
Temática (materia general) APARATO MASTICATORIO
650 ## - Materia general
Temática (materia general) ARTICULACIÓN TEMPOROMANDIBULAR
650 ## - Materia general
Temática (materia general) MOVIMIENTOS MANDIBULARES
942 ## - Punto de acceso adicional KOHA
Tipo de ítem KOHA Libro
Fuente del sistema de clasificación o colocación Dewey Decimal Classification
Existencias
Signatura completa Código de barras Programa Académico Tipo de ítem
617.6 S237g5 1144 Mecánica Dental Libro